=LDR 00000nam 2200000 4500 =001 INLIS000000000019941 =005 20130612114940 =008 ***********************************Ind** =035 ##$$0010-061300000019941 =041 ##$$a Ind =082 ##$$a 551.6 =090 ##$$a 551.6, Oli s =100 ##$$a Oliver, Clare =245 ##$$a 100 pengetahuian tentang cuaca, Clare oliver ; alih bahasa, Dian Kusumaningsih =260 ##$$a 2005 $b Jakarta =300 ##$$a 48 hlm, ilus, 29 cm =650 ##$$a Cuaca =700 ##$$a Kusumaningsih, Dian =850 ##$$a NBPNMAT